header

Battery management systems for large lithium-ion battery packs (Record no. 146248)

MARC details
000 -LEADER
fixed length control field 01149nam a2200301Ia 4500
100 1# - MAIN ENTRY--AUTHOR NAME
Personal name Andrea, Davide.
245 10 - TITLE STATEMENT
Title Battery management systems for large lithium-ion battery packs
260 ## - PUBLICATION, DISTRIBUTION, ETC. (IMPRINT)
Place of publication Boston :
Name of publisher Artech House,
Year of publication c2010.
300 ## - PHYSICAL DESCRIPTION
Number of Pages x, 290 p. :
Other physical details ill.
650 #0 - SUBJECT ADDED ENTRY--TOPICAL TERM
Topical Term Battery chargers.
Topical Term Electric batteries.
Topical Term Storage batteries.
Topical Term Lithium cells.
856 40 - ELECTRONIC LOCATION AND ACCESS
Uniform Resource Identifier http://site.ebrary.com/lib/rucke/Doc?id=10430891

No items available.

© 2026 Rongo University
Contact us: librarian | system librarian | Rongo university